Nommez cet instrument de musique n°2 - Statistiques

Statistiques générales
  • Ce quiz a été pris 856 fois
  • Le résultat moyen est 10 sur 20
Statistiques - réponses
Par images Réponse % Correct
flûte
99%
violoncelle
96%
triangle
95%
orgue
89%
cymbales
77%
tambourin
66%
flûte à bec
64%
castagnettes
61%
lyre
58%
ocarina
48%
basson
44%
caisse claire
41%
kazoo
36%
marimba
33%
didgeridoo
31%
clairon
23%
bongo
21%
vielle à roue
12%
cithare
10%
serpent
10%
Aucun quiz correspondant
Distribution des résultats
% des personnes avec chaque résultat
Percentile par nombre de réponses
Votre historique - résultats
Vous n’avez pas pris ce quiz